People with I Initials - Statistics

General Stats
  • This quiz has been taken 31,679 times
    15,970 since last reset
  • The average score is 11 of 21
Answer Stats
Clue Person % Correct
IN A falling apple inspired his work on gravitation Isaac Newton
96%
IT Daughter of the Donald Ivanka Trump
89%
IJ Raider of the Lost Ark Indiana Jones
86%
IF Creator of James Bond Ian Fleming
78%
IG India's only female Prime Minister Indira Gandhi
77%
IA Notorious Ugandan dictator Idi Amin
71%
IP He could make a dog salivate just by ringing a bell Ivan Pavlov
69%
IC Rapper who said "today was a good day" Ice Cube
62%
IM Filipino first lady and shoe collector Imelda Marcos
55%
ID Soviet boxer who battled Rocky Balboa Ivan Drago
55%
IK 18th century philosopher who thought about moral imperatives Immanuel Kant
53%
IE English actor. Star of "Luther" and "The Dark Tower". Idris Elba
52%
IB "White Christmas" composer Irving Berlin
45%
IL 1980s Czech tennis great Ivan Lendl
42%
IY Chief admiral of Japan during WWII Isoroku Yamamoto
40%
II Russian version of John Doe Ivan Ivanovitch
37%
IH R&B singer and voice of Chef from "South Park" Isaac Hayes
35%
IR Liverpool's all-time leading goalscorer Ian Rush
31%
IS "Rite of Spring" composer Igor Stravinsky
28%
IW Author of "Trainspotting" Irvine Welsh
21%
IQ Puerto Rican reggaeton singer Ivy Queen
5%
No matching quizzes found
Score Distribution
Percent of People with Each Score
Percentile by Number Answered
Your Score History
You have not taken this quiz since the last reset